Caricamento...
Trueman's UGC NET/SET Home Science
| Autore principale: | |
|---|---|
| Natura: | Printed Book |
| Pubblicazione: |
New Delhi
Danika
2015
|
| LEADER | 00409nam a22001217a 4500 | ||
|---|---|---|---|
| 020 | |a 818930142X | ||
| 082 | |a 371.26 |b ANJ.U | ||
| 100 | |a Anju Khosla |a Ruchi Manocha | ||
| 245 | |a Trueman's UGC NET/SET Home Science | ||
| 260 | |a New Delhi |b Danika |c 2015 | ||
| 942 | |c BK | ||
| 999 | |c 3823 |d 3823 | ||
| 952 | |0 0 |1 0 |4 0 |6 371_260000000000000_ANJ_U |7 0 |8 NFIC |9 3821 |a CAMPUS |b CAMPUS |d 2015-05-12 |l 0 |o 371.26 ANJ.U |p 21223 |r 2015-05-12 |w 2015-05-12 |y BK | ||